Gaming Quiz

Random Gaming Quiz

Humongous Entertainment Games Quiz Stats

 Plays Quiz not verified by Sporcle

Score 0/20 Timer 06:00
0 Plays Today
Protagonist Title of Game % Correct
Spy FoxDry Cereal
80.6%
Pajama SamNo Need To Hide When It's Dark Outside
78.7%
Putt-PuttPutt-Putt Saves the Zoo
78.7%
Putt-PuttPutt-Putt Goes to the Moon
75%
Putt-PuttPutt-Putt Travels Through Time
72.2%
Pajama SamYou Are What You Eat From Your Head To Your Feet
70.4%
Pajama SamThunder and Lightning Aren't so Frightening
68.5%
Spy FoxOperation Ozone
57.4%
Putt-PuttPutt-Putt Joins the Circus
56.5%
Spy FoxSome Assembly Required
56.5%
Protagonist Title of Game % Correct
Putt-PuttPutt-Putt Enters the Race
54.6%
Freddi FishThe Case of the Missing Kelp Seeds
52.8%
Freddi FishThe Case of the Haunted Schoolhouse
50%
Putt-PuttPutt-Putt Joins the Parade
50%
Freddi FishThe Case of the Stolen Conch Shell
45.4%
Pajama SamLife is Rough When You Lose Your Stuff
44.4%
Fatty BearFatty Bear's Birthday Surprise
41.7%
Putt-PuttPutt-Putt: Pep's Birthday Surprise
34.3%
Freddi FishThe Case of the Creature of Coral Cove
33.3%
Freddi FishThe Case of the Hogfish Rustlers of Briny Gulch
26.9%

You're not logged in!

Compare scores with friends on all Sporcle quizzes.
OR
Log In

You Might Also Like...

Show Comments

Extras

Created Jul 25, 2010ReportNominate

Top Quizzes Today


Score Distribution

Your Account Isn't Verified!

In order to create a playlist on Sporcle, you need to verify the email address you used during registration. Go to your Sporcle Settings to finish the process.

Report this User

Report this user for behavior that violates our Community Guidelines.

Details: